Villes de Bourgogne-Franche-Comté en images - Statistiques

Statistiques générales
  • Ce quiz a été pris 84 fois
  • Le résultat moyen est 12 sur 21
Statistiques - réponses
Par images Hint Réponse % Correct
D Dijon
99%
B Besançon
92%
B Beaune
86%
N Nevers
81%
A Auxerre
77%
C Châlon-sur-Saône
77%
B Belfort
75%
M Mâcon
75%
D Dole
70%
S Sens
68%
V Vesoul
68%
P Pontarlier
61%
L Lons-le-Saunier
60%
M Montbéliard
53%
A Autun
47%
T Tonnerre
34%
J Joigny
22%
A Avallon
19%
L Louhans-Châteaurenaud
17%
P Paray-le-Monial
16%
C Châtillon-sur-Seine
10%
Aucun quiz correspondant
Distribution des résultats
% des personnes avec chaque résultat
Percentile par nombre de réponses
Votre historique - résultats
Vous n’avez pas pris ce quiz